| 000 | 00530cam a22002174a 4500 | ||
|---|---|---|---|
| 005 | 20250731113205.0 | ||
| 008 | 250528s ||||||||||||||||||||||||d | ||
| 035 | _a22319 | ||
| 020 | _a9780130293633 | ||
| 040 |
_aGR-AtMCL _bgre _dGR-AtMCL _eAACR2 |
||
| 245 | 1 | _aVISUAL BASIC.NET | |
| 250 | _a2 | ||
| 260 |
_bPrentice Hall, _c2002 |
||
| 300 | _a1517 | ||
| 700 | 1 |
_aDeitel, Harvey M., _d1945- _91838 |
|
| 700 | 1 |
_aDeitel, Paul J. _91839 |
|
| 700 | 1 |
_aNieto T.R _91840 |
|
| 942 | _cBK | ||
| 999 |
_c7373 _d7373 |
||